Estadísticas para Casas de Monarcas Británicas

Haz click aquí para tomar la prueba!

Estadísticas generales

  • Esta prueba ha sido tomada 625 veces
  • La puntuación promedio es 6 de 11

Estadísticas de respuestas

AñosPrimer GobernanteÚltimo GobernanteCasa% Correcto
1917-PresenteJorge V...Casa de Windsor
87%
1485-1603Enrique VIIIsabel ICasa de Tudor
84%
1603-1649 y 1660-1714Jacobo IAnaCasa de Estuardo
66%
1461-1470, 1471-1485Eduardo IVRicardo IIICasa de York
59%
1399-1461, 1470-1471Enrique IVEnrique VICasa de Lancaster
58%
1714-1901Jorge IVictoriaCasa de Hanover
54%
1216-1399Enrique IIIRicardo IICasa de Plantagenet
51%
1066-1135Guillermo IEnrique ICasa de Normandía
44%
1901-1917Eduardo VIIEduardo VIICasa de Sajonia-Coburgo
35%
1135-1154EstebanEstebanCasa de Blois
33%
1154-1216Enrique IIJuanCasa de Anjou
30%

Distribución de puntuación

Porcentaje por número respondido

Porcentaje de gente con cada puntuación

Historial de tus puntuaciones

No has tomado esta prueba